| 000 | 01462nam a22003137a 4500 | ||
|---|---|---|---|
| 003 | EG-ScBUE | ||
| 005 | 20221127101033.0 | ||
| 008 | 100624s1992 ua f y 000 0 ara d | ||
| 017 | _a93 / 4826 | ||
| 020 | _a977545400X | ||
| 040 |
_aEG-ScBUE _bara _erda _cEG-ScBUE _dEG-ScBUE |
||
| 041 | 1 |
_aara _heng |
|
| 082 | 0 | 4 |
_a301.31 _bب ر ا _222 |
| 100 | 1 |
_915175 _aبراون، لستر ر.، _d1934- _eمؤلف. |
|
| 240 | 1 | 0 |
_aState of the world 1991. _lArabic |
| 245 | 1 | 0 |
_aتقييم 1991 عن وضع العالم / _cتأليف لستر ر. براون [وآخرون] ؛ ترجمة الدكتور أنور عبد الواحد، الدكتورة إنجي زين العابدين. |
| 250 | _aالطبعة العربية الأولى. | ||
| 264 | 1 |
_aالقاهرة : _bالجمعية المصرية لنشر المعرفة والثقافة العالمية، _c1992. |
|
| 300 |
_a343 صفحة ؛ _c24 سم |
||
| 500 | _aتقرير معهد مراقبة البيئة العالمية نحو تحقيق التقدم المتواصل للمجتمع. | ||
| 541 | _aBook from store. | ||
| 546 | _aالنص باللغة العربية وتم ترجمته من اللغة الإنجليزية. | ||
| 650 | 7 |
_aالبيئة _vكتب سنوية. _2BUEsh |
|
| 653 |
_bGGEN _cNovember2022 |
||
| 655 | _vReading book | ||
| 700 | 1 |
_aعبد الواحد، أنور، _eمترجم. |
|
| 700 | 1 |
_aزين العابدين، إنجي، _eمترجم. |
|
| 942 |
_2ddc _cBB |
||
| 999 |
_c30038 _d30009 |
||